Ahora es cuando : (Record no. 1339)
[ view plain ]
| 000 -CABECERA | |
|---|---|
| campo de control de longitud fija | 00733nam a2200205 a 4500 |
| 005 - FECHA Y HORA DE LA ÚLTIMA TRANSACCIÓN | |
| campo de control | 20260108064000.0 |
| 008 - ELEMENTOS DE LONGITUD FIJA--INFORMACIÓN GENERAL | |
| campo de control de longitud fija | 991125s1970 mx 000 0 spa u |
| 035 ## - NÚMERO DE CONTROL DEL SISTEMA | |
| Número de control de sistema | UPN01000001339 |
| 049 ## - COLECCIÓN | |
| Colección | SEP |
| 050 #4 - SIGNATURA TOPOGRÁFICA DE LA BIBLIOTECA DEL CONGRESO | |
| Número de clasificación | L227 D621 |
| Número de documento/Ítem | M2.2 |
| 110 2# - ASIENTO PRINCIPAL--NOMBRE CORPORATIVO | |
| Nombre de entidad corporativa o nombre de jurisdicción como elemento de entrada | Instituto Nacional para la Educación de los Adultos (México) |
| 245 10 - MENCIÓN DE TÍTULO | |
| Título | Ahora es cuando : |
| Resto del título | cuaderno de trabajo : primera parte / |
| Mención de responsabilidad, etc. | Instituto Nacional para la Educación de los Adultos, Movimiento Nacional de Alfabetización. |
| 260 ## - PUBLICACIÓN, DISTRIBUCIÓN, ETC. | |
| Lugar de publicación, distribución, etc. | México : |
| Nombre del editor, distribuidor, etc. | INEA, |
| Fecha de publicación, distribución, etc. | [197-]. |
| 300 ## - DESCRIPCIÓN FÍSICA | |
| Extensión | 287 p. : |
| Otras características físicas | il. |
| 500 ## - NOTA GENERAL | |
| Nota general | "Alfabetización con apoyo del radio" |
| 650 #4 - ASIENTO SECUNDARIO DE MATERIA - TERMINO TEMATICO | |
| Término de materia o nombre geográfico como elemento de entrada | Educación de adultos |
| 9 (RLIN) | 956 |
| 650 #4 - ASIENTO SECUNDARIO DE MATERIA - TERMINO TEMATICO | |
| Término de materia o nombre geográfico como elemento de entrada | Educación rural |
| 9 (RLIN) | 9764 |
| 650 #4 - ASIENTO SECUNDARIO DE MATERIA - TERMINO TEMATICO | |
| Término de materia o nombre geográfico como elemento de entrada | Libros de texto |
| 9 (RLIN) | 4427 |
| 905 ## - TIPO DE MATERIAL | |
| Tipo de material | Libro |
| Estado de retiro | Estado de pérdida | Fuente del sistema de clasificación o colocación | Estado dañado | No para préstamo | Código de colección | Localización permanente | Ubicación/localización actual | Ubicación en estantería | Fecha de adquisición | Clasificación | Código de barras | Fecha visto por última vez | Número de copia | Tipo de ítem Koha |
|---|---|---|---|---|---|---|---|---|---|---|---|---|---|---|
| Library of Congress Classification | Coleccion SEP | Colección SEP | Bib. Gregorio Torres Quintero | Bib. Gregorio Torres Quintero | Colección SEP | 09/05/2023 | L227 D621 M2.2 | 78203 | 31/12/2020 | 1 | Libro |
